Les Polonais en France au lendemain de la Seconde Guerre mondiale (1944-1949)
| Titel: | Les Polonais en France au lendemain de la Seconde Guerre mondiale (1944-1949) : histoire d'une intégration / Pawel Sekowski |
|---|---|
| Verfasser: | |
| Veröffentlicht: | Paris : Sorbonne Université Presses, [2019] |
| Umfang: | 456 Seiten : Illustrationen ; 24 cm |
| Format: | Buch |
| Sprache: | Französisch |
| Schriftenreihe/ mehrbändiges Werk: |
Mondes contemporains |
| ISBN: | 9791023106312 |
| Hinweise zum Inhalt: |
Buchcover
Klappentext Inhaltsverzeichnis Literaturverzeichnis Register // Personenregister Register // Ortsregister |
alg: 51364725 001A $03025:04-12-23 001B $03025:04-12-23 $t16:23:04.000 001D $03025:04-12-23 001U $0utf8 001X $00 002@ $0Aax 002C $aText $btxt $2rdacontent 002D $aohne Hilfsmittel zu benutzen $bn $2rdamedia 002E $aBand $bnc $2rdacarrier 003@ $0513647252 004A $A979-10-231-0631-2 $f25,00 EUR 006C $01128845882 $aOCoLC 007A $0BV046249631 $aBVB 009P $qapplication/pdf $3Buchcover $uhttp://bvbr.bib-bvb.de:8991/F?func=service&doc_library=BVB01&local_base=BVB01&doc_number=031627873&sequence=000001&line_number=0001&func_code=DB_RECORDS&service_type=MEDIA $mAAL Fremddatenuebernahme 009P $qapplication/pdf $3Klappentext $uhttp://bvbr.bib-bvb.de:8991/F?func=service&doc_library=BVB01&local_base=BVB01&doc_number=031627873&sequence=000002&line_number=0002&func_code=DB_RECORDS&service_type=MEDIA $mAAL Fremddatenuebernahme 009P $qapplication/pdf $3Inhaltsverzeichnis $uhttp://bvbr.bib-bvb.de:8991/F?func=service&doc_library=BVB01&local_base=BVB01&doc_number=031627873&sequence=000004&line_number=0003&func_code=DB_RECORDS&service_type=MEDIA $mAAL Fremddatenuebernahme 009P $qapplication/pdf $3Literaturverzeichnis $uhttp://bvbr.bib-bvb.de:8991/F?func=service&doc_library=BVB01&local_base=BVB01&doc_number=031627873&sequence=000006&line_number=0004&func_code=DB_RECORDS&service_type=MEDIA $mDigitalisierung BSB München - ADAM Catalogue Enrichment 009P $qapplication/pdf $3Register // Personenregister $uhttp://bvbr.bib-bvb.de:8991/F?func=service&doc_library=BVB01&local_base=BVB01&doc_number=031627873&sequence=000008&line_number=0005&func_code=DB_RECORDS&service_type=MEDIA $mDigitalisierung BSB München - ADAM Catalogue Enrichment 009P $qapplication/pdf $3Register // Ortsregister $uhttp://bvbr.bib-bvb.de:8991/F?func=service&doc_library=BVB01&local_base=BVB01&doc_number=031627873&sequence=000010&line_number=0006&func_code=DB_RECORDS&service_type=MEDIA $mDigitalisierung BSB München - ADAM Catalogue Enrichment 010@ $afre 010E $erda 011@ $a2019 $n[2019] 021A $aLes @Polonais en France au lendemain de la Seconde Guerre mondiale (1944-1949) $dhistoire d'une intégration $hPawel Sekowski 028A $BVerfasser $4aut $8Sękowski, Paweł$Z1985- [Tp3] $9455379203 033A $pParis $nSorbonne Université Presses 034D $a456 Seiten 034I $a24 cm 034M $aIllustrationen 036G $aMondes contemporains 037A $aLiteraturverzeichnis Seite 397-425 044K $qBVB $#Frankreich $#Frankreich $#France $#La France $#République Française $#France $#Francija $#Französische Republik $#Empire Français $#République Française $#France Royaume $#Royaume Français $#Fränkische Republik $#Frankreich Kaiserreich $#Frankreich Königreich $#Ṣārfat $#Repubblica Francese $74018145-5 $8Frankreich [Tgz] $9085042463 044K $qBVB $RPolin $#Polish people $#Polonais $#Polen (Personen) $#Pole $74046497-0 $8Polen$gVolk [Ts1] $908512981X 044K $qBVB $RIntegration $RAssimilation $#Social integration $#Intégration sociale $#Soziale Integration $#soziale Integration $#Gesellschaftliche Integration $#Soziale Eingliederung $74077570-7 $8Soziale Integration [Ts1] $9085219835 045A $aHT 045F $a306.0943809044 $eDDC22BSB 045F/01 $a306.09 045F/03 $f09044 045F/03 $g438 045F/03 $g44 045R $aGeschichte 1944-1949 045T $aOST $qDE-12 $2FID 045T $aHIST $qDE-12 $2FID lok: 51364725 78 exp: 51364725 78 1 #EPN 201B/01 $004-12-23 $t16:23:04.000 201C/01 $004-12-23 201U/01 $0utf8 203@/01 $01249998034 208@/01 $a04-12-23 $be 209A/01 $a/ $f000 $x00 209A/01 $ab*p $x01 220C/01 $apgar 244Z/01 $#Generalgouvernement Polen $#Polska $#Rzeczpospolita Polska $#Polska Rzeczpospolita Ludowa $#Poland $#Pologne $#République Polonaise $#Generalne Gubernatorstwo w Polsce $#Polish People's Republic $#Polska Rzeczpospolita Polen $#PRL $#RP $#Polen Generalgouvernement $#Polska Generalgouvernement $#Besetzte Polnische Gebiete $#Besetztes Gebiet in Polen $#Okupowane Polskie Obszary $#Obszary Okupowane w Polsce $#Volksrepublik Polen $#Polska Rosyjska $#Republic Polen $#Respublika Pol'ša $#Pol'skaja Narodnaja Respublika $#République de Pologne $#Polen Links der Weichsel $#Polska po Lewej Stronie Wisły $#Lenkija $#Polija $#Gubernija Carstva Pol'skago $#Republik Polen $74046496-9 $8--Tg1--Polen $x01 $9085129801 247C/01 $82080>Marburg/Lahn, Herder-Institut, Forschungsbibliothek, Bibliographieportal $9336309341
| LEADER | 00000nam a22000002c 4500 | ||
|---|---|---|---|
| 001 | 513647252 | ||
| 003 | DE-603 | ||
| 005 | 20231204162304.0 | ||
| 007 | tu | ||
| 008 | 231204s2019 xx |||| | u00||u|fre c | ||
| 020 | |a 9791023106312 |c 25,00 EUR | ||
| 035 | |a (DE-599)BVBBV046249631 | ||
| 040 | |a DE-603 |b ger |c DE-603 |d DE-603 |e rda | ||
| 041 | |a fre | ||
| 050 | 0 | |a HT | |
| 082 | 0 | 4 | |8 1\u |a 306.0943809044 |q DE-101 |2 22/BSB |
| 084 | |a OST |q DE-12 |2 fid | ||
| 084 | |a HIST |q DE-12 |2 fid | ||
| 085 | |8 1\u |b 306.09 | ||
| 085 | |8 1\u |z 1 |s 09044 | ||
| 085 | |8 1\u |z 2 |s 438 | ||
| 085 | |8 1\u |z 2 |s 44 | ||
| 100 | 1 | |a Sękowski, Paweł |d 1985- |e Verfasser |4 aut |0 (DE-603)455379203 |0 (DE-588)1199376256 |2 gnd | |
| 245 | 0 | 0 | |a Les Polonais en France au lendemain de la Seconde Guerre mondiale (1944-1949) |b histoire d'une intégration |c Pawel Sekowski |
| 264 | 1 | |a Paris |b Sorbonne Université Presses |c [2019] | |
| 300 | |a 456 Seiten |b Illustrationen |c 24 cm | ||
| 336 | |a Text |b txt |2 rdacontent | ||
| 337 | |a ohne Hilfsmittel zu benutzen |b n |2 rdamedia | ||
| 338 | |a Band |b nc |2 rdacarrier | ||
| 490 | 0 | |a Mondes contemporains | |
| 500 | |a Literaturverzeichnis Seite 397-425 | ||
| 648 | 7 | |a Geschichte 1944-1949 |2 gnd | |
| 650 | 7 | |a Polen |g Volk |0 (DE-588)4046497-0 |0 (DE-603)08512981X |2 gnd | |
| 650 | 7 | |a Soziale Integration |0 (DE-588)4077570-7 |0 (DE-603)085219835 |2 gnd | |
| 651 | 7 | |a Frankreich |0 (DE-588)4018145-5 |0 (DE-603)085042463 |2 gnd | |
| 856 | 4 | 2 | |m AAL Fremddatenuebernahme |q application/pdf |u http://bvbr.bib-bvb.de:8991/F?func=service&doc_library=BVB01&local_base=BVB01&doc_number=031627873&sequence=000001&line_number=0001&func_code=DB_RECORDS&service_type=MEDIA |3 Buchcover |
| 856 | 4 | 2 | |m AAL Fremddatenuebernahme |q application/pdf |u http://bvbr.bib-bvb.de:8991/F?func=service&doc_library=BVB01&local_base=BVB01&doc_number=031627873&sequence=000002&line_number=0002&func_code=DB_RECORDS&service_type=MEDIA |3 Klappentext |
| 856 | 4 | 2 | |m AAL Fremddatenuebernahme |q application/pdf |u http://bvbr.bib-bvb.de:8991/F?func=service&doc_library=BVB01&local_base=BVB01&doc_number=031627873&sequence=000004&line_number=0003&func_code=DB_RECORDS&service_type=MEDIA |3 Inhaltsverzeichnis |
| 856 | 4 | 2 | |m Digitalisierung BSB München - ADAM Catalogue Enrichment |q application/pdf |u http://bvbr.bib-bvb.de:8991/F?func=service&doc_library=BVB01&local_base=BVB01&doc_number=031627873&sequence=000006&line_number=0004&func_code=DB_RECORDS&service_type=MEDIA |3 Literaturverzeichnis |
| 856 | 4 | 2 | |m Digitalisierung BSB München - ADAM Catalogue Enrichment |q application/pdf |u http://bvbr.bib-bvb.de:8991/F?func=service&doc_library=BVB01&local_base=BVB01&doc_number=031627873&sequence=000008&line_number=0005&func_code=DB_RECORDS&service_type=MEDIA |3 Register // Personenregister |
| 856 | 4 | 2 | |m Digitalisierung BSB München - ADAM Catalogue Enrichment |q application/pdf |u http://bvbr.bib-bvb.de:8991/F?func=service&doc_library=BVB01&local_base=BVB01&doc_number=031627873&sequence=000010&line_number=0006&func_code=DB_RECORDS&service_type=MEDIA |3 Register // Ortsregister |
| 924 | 0 | |9 2080 |a (DE-603)1249998034 |b DE-2080 |c HES |d d |g / | |


